Rózsakunyhó

Bibliographic Details
Main Author: Fekete, István (Author)
Other Authors: Nagy, Domokos Imre (Author of introduction, etc.)
Format: Book
Language:Hungarian
PhysicalDescription:463, [5] s. 8°
Published: Bratislava Madách Könyvkiadó 1973
Subjects:

MARC

LEADER 00000nam a2200000 a 4500
001 vtls008323378
003 SK-MaSNL
005 20260301140956.0
008 180814s1973 xo hun
015 |a SNBA1974/01-00278 
035 |a SK01SNK19740015595 
035 |a SKM000018058 
040 |a SNK  |b slo  |c SNK  |e AACR2 
041 1 |a hun 
044 |a xo 
080 |a 894.511-3=945.11  |2 1981 
100 1 |a Fekete, István  |4 aut  |9 279396 
245 1 0 |a Rózsakunyhó  |c István Fekete ; elbeszélések és karcolatok. Válog. és szerk. az elöszót írta Nagy Domokos Imre 
260 |a Bratislava  |b Madách Könyvkiadó  |c 1973  |e Budapest  |f Egyetemi Nyomda 
300 |a 463, [5] s.  |c 8° 
563 |a 1500+83300 výtl. Móra Ferenc Ifjúsági Könyvkiadó, Budapest 
650 0 7 |a maďarské poviedky  |2 SNK  |9 296245 
650 0 7 |a humoresky maďarské  |2 SNK  |9 494352 
655 7 |a umelecká literatúra  |2 SNKPH  |9 60405 
700 1 |a Nagy, Domokos Imre  |4 aui  |4 lso  |9 494353 
852 |a Slovenská národná knižnica v Martine  |b 10000  |h SC 32840 
852 |a Slovenská národná knižnica v Martine  |b 10000  |h SC 32840 D1 
919 |a viaz. 
958 |a OND 
958 |a RK 
958 |a TL 
958 |a LX 
958 |a HU 
999 |c 765641  |d 767571 
952 |a SNK  |b SNK  |y VYP  |7 0  |p 17A0542886  |o snkSC 32840 D1  |i snkKSP 1102/74  |3 rekatalogizácia  |0 0  |1 0  |4 0  |d 2007-06-23  |l 0  |r 2026-02-24 00:18:09  |w 2026-02-24 
952 |a SNK  |b SNK  |y PREZ  |7 0  |p 17A0973971  |o snkSC 32840  |0 0  |1 0  |4 0  |d 2012-09-27  |l 0  |r 2025-09-30 00:00:00  |w 2026-02-24